Realita za hranicami fantázie

Bibliographic Details
Main Author: Legátová, Júlia (Author)
Format: Article
Language:Slovak
PhysicalDescription:Fotografie
ISSN:1335-5457
Subjects:
Online Access:http://www.uluv.sk/casopis-rud/2-2024/realita-za-hranicami-fantazie/

MARC

LEADER 00000nab a2200000 a 4500
001 vtls012267464
003 SK-MaSNL
005 20260304013249.0
008 241126c2015 xo qr0p 000 a slo
015 |a SNBRB2015/04 
038 |a BAULUV 
040 |a BAULUV  |b slo  |c BAULUV  |e rda 
041 |a slo  |b eng 
044 |a xo  |c SK 
072 7 |a 677  |x Textilný priemysel  |2 konspekt 
080 |a 633.51  |2 2011 
080 |a 633.52  |2 2011 
080 |a 633.5  |2 2011 
080 |a ‑022.316  |2 2011 
080 |a 677  |2 2011 
100 1 |a Legátová, Júlia  |4 aut  |9 1235791 
245 1 0 |a Realita za hranicami fantázie  |c Júlia Legátová 
300 |b Fotografie 
336 |a text  |b txt  |2 rdacontent 
337 |a bez média  |b n  |2 rdamedia 
338 |a zväzok  |b nc  |2 rdacarrier 
650 0 7 |a bavlna  |2 SNKPH  |9 23985 
650 0 7 |a ľan  |2 SNKPH  |9 23982 
650 0 7 |a textilné vlákna  |2 SNKPH  |9 51344 
650 0 7 |a udržateľnosť  |2 SNKPH  |9 402375 
650 0 7 |a textilný priemysel  |2 SNKPH  |9 51332 
650 0 7 |a Cotton  |2 SNKPHeng  |9 390997 
650 0 7 |a Flax  |2 SNKPHeng  |9 289469 
650 0 7 |a Textile fibers  |2 SNKPHeng  |9 1264818 
650 0 7 |a Sustainability  |2 SNKPHeng  |9 1294015 
650 0 7 |a Textile industry  |2 SNKPHeng  |9 291276 
773 0 |t Remeslo, umenie, dizajn  |p RUD  |g Roč. 25, č. 2 (2024), s. 50-52  |x 1335-5457 
852 |a BAULUV  |b KIS3GCP 
856 2 |u http://www.uluv.sk/casopis-rud/2-2024/realita-za-hranicami-fantazie/ 
958 |a SK 
958 |a RBX 
999 |c 2575116  |d 2577046